Uma Musume Characters by Picture #1 - Statistics

General Stats
  • This quiz has been taken 623 times
  • The average score is 14 of 16
Answer Stats
Picture Answer % Correct
Gold Ship
97%
Haru Urara
95%
Tokai Teio
95%
Agnes Tachyon
94%
Daiwa Scarlet
94%
Mejiro McQueen
94%
El Condor Pasa
93%
T.M. Opera O
93%
Vodka
93%
Nice Nature
90%
Sakura Bakushin O
90%
Symboli Rudolf
90%
Biwa Hayahide
86%
Mihono Bourbon
85%
Matikanefukukitaru
78%
Yukino Bijin
50%
No matching quizzes found
Score Distribution
Percent of People with Each Score
Percentile by Number Answered
Your Score History
You have not taken this quiz